A budapesti országos kiállítás alkalmával a pénzügyministerium csarnokában kiállító és a M. k. Selmeczbányai bányaigazgatósághoz tartozó müvek statistikai ismertetése és a kiállított tárgyak jegyzéke...

Bibliographic Details
Format: Serial
Language:Hungarian
PhysicalDescription:zv.
Published: Selmeczbányán [s.n.] [1885]

MARC

LEADER 00000cas a22000004a 4500
001 vtls001354816
003 SK-MaSNL
005 20260221112417.0
008 180126d1885uuuuxo r 0 0b0hun
035 |a SNK000308264 
040 |a SNK  |b slo  |c SNK  |e AACR2 
041 0 |a hun 
044 |a xo  |c SK 
245 0 2 |a A budapesti országos kiállítás alkalmával a pénzügyministerium csarnokában kiállító és a M. k. Selmeczbányai bányaigazgatósághoz tartozó müvek statistikai ismertetése és a kiállított tárgyak jegyzéke... 
260 |a Selmeczbányán  |b [s.n.]  |c [1885]  |e Selmeczbányán  |f Nyomatott Joerges Ágost özvegyénél 
300 |a zv. 
752 |a Slovensko  |d Banská Štiavnica 
910 |a snk 
999 |c 300  |d 2230 
952 |0 0  |1 0  |4 0  |7 0  |a SNK  |b SNK  |d 1999-02-09  |i snkD 345/99  |l 0  |o snkČSC 3282/6/1885  |p 17A0177974  |r 2005-01-02 00:00:00  |w 2026-02-21  |y PREZ